000 00807nam a2200253 a 4500
005 20150326020004.0
008 150311b2005 ec ||||| |||| 00| 0 spa d
020 _a9978225331
040 _aCO-BoIAVH
_cCO-BoIAVH
041 _aspa
082 0 4 _a333.953416
_bE82b
090 _aLB
_b04829
100 1 _aEstrella, Jaime
_933463
245 1 0 _aBiodiversidad y recursos Genéticos :
_buna guía para su uso y acceso en el Ecuador
260 _aQuito:
_bEcoCiencia,
_bINIAP,
_bMAE,
_bAbya Yala,
_c2005.
300 _a116 p.
_c28 cm.
650 4 _aRecursos genéticos
_xacceso
_933464
650 4 _aRecursos genéticos
_xconservacion
_933465
700 1 _aManosalvas, Rossana
_933466
700 1 _aMariaca, Jorge
_933467
700 1 _aRibadeneira, Mónica
_933468
942 _cLIBRO
_2ddc
_01
945 _d2007-05-28
999 _c5561
_d5561